书目信息 |
| 题名: |
失行孤雁——王国维别传
|
|
| 作者: | 刘克苏 著 | |
| 分册: | ||
| 出版信息: | 北京 人民文学出版社 2002.04 |
|
| 页数: | 389页 | |
| 开本: | 20cm | |
| 丛书名: | 近代名识别转丛书 | |
| 单 册: | ||
| 中图分类: | K825.1 | |
| 科图分类: | ||
| 主题词: | 人物--传记--中国 | |
| 电子资源: | ||
| ISBN: | 7-02-003749-6 | |
| 000 | 00646nam0 2200217 45 | |
| 001 | 0431105218 | |
| 005 | 2004092908382521 | |
| 010 | @a7-02-003749-6@d22.00CNY | |
| 100 | @a20040929d2002 km y0chiy0120 ea | |
| 101 | 0 | @achi |
| 102 | @aCN@b110000 | |
| 200 | 1 | @a失行孤雁——王国维别传@AShi Xing Gu Yan——Wang Guo Wei Bie Chuan@f刘克苏著@FLiu Ke Su Zhu |
| 210 | @a北京@c人民文学出版社@d2002.04 | |
| 215 | @a389页@d20cm | |
| 225 | 2 | @a近代名识别转丛书 |
| 410 | 0 | @12001 @a近代名识别转丛书 |
| 606 | 0 | @a人物@x传记@x中国 |
| 690 | @aK825.1@v4 | |
| 701 | 0 | @a刘克苏@ALiu Ke Su@4著 |
| 801 | 0 | @aCN@bPFT@c20040929 |
| 905 | @a平顶山工学院@dK825.1@eL646 | |
| 失行孤雁——王国维别传/刘克苏著.-北京:人民文学出版社,2002.04 |
| 389页;20cm.-(近代名识别转丛书) |
| ISBN 7-02-003749-6:22.00CNY |
| ● |
| 相关链接 |
|
|
|
正题名:失行孤雁——王国维别传
索取号:K825.1/L646
 
预约/预借
| 序号 | 登录号 | 条形码 | 馆藏地/架位号 | 状态 | 备注 |
| 1 | 397261 | 203972610 | 社科库309/309社科库 46排3列3层/ [索取号:K825.1/L646] | 在馆 | |
| 2 | 397262 | 203972629 | 社科库309/309社科库 46排3列3层/ [索取号:K825.1/L646] | 在馆 | |
| 3 | 397263 | 203972638 | 社科库309/ [索取号:K825.1/L646] | 在馆 |